| 000 | 00515nam a2200181Ia 4500 | ||
|---|---|---|---|
| 999 |
_c13335 _d13335 |
||
| 003 | OSt | ||
| 005 | 20201027102921.0 | ||
| 008 | 190216s9999||||xx |||||||||||||| ||und|| | ||
| 020 | _a0450390268 | ||
| 040 | _coclc | ||
| 082 |
_a813.54 _bROB/S |
||
| 100 |
_aRobbins, Harold _95692 |
||
| 245 | 4 |
_aThe Story Teller / _cHarold Robbins |
|
| 260 |
_bNew English Library , _c1986. _aLondon: |
||
| 300 | _a102p | ||
| 650 | _aEnglish Short Stories | ||
| 942 |
_cBK _2ddc _h813.54 _iROB/S _k813.54 _mROB/S |
||